| 000 | 00616nam a2200241Ia 4500 | ||
|---|---|---|---|
| 003 | OSt | ||
| 005 | 20221005043239.0 | ||
| 006 | a|||||r|||| 00| 0 | ||
| 007 | ta | ||
| 008 | 221004b |||||||| |||| 00| 0 eng d | ||
| 024 | _a76978 | ||
| 037 | _cTextual | ||
| 040 |
_aCRL _cCRL _beng |
||
| 041 |
_2eng _aeng |
||
| 082 | _aYxM58w, G8.1 | ||
| 100 |
_aEebb Beatrice _9591339 |
||
| 245 | 0 | _aMy apprenticeship | |
| 260 |
_aEngland _bPenguin Books Limited _c1938 |
||
| 300 |
_a243p. _ccm. |
||
| 650 | _aSOCIOLOGY | ||
| 942 |
_hYxM58w, G8.1 _cTEXL _2cc |
||
| 999 |
_c951553 _d951553 |
||